| 000 | 00482nam a2200145Ia 4500 | ||
|---|---|---|---|
| 008 | 210430s9999 xx 000 0 und d | ||
| 020 | _a0122824601 (hardcover) | 97801 | ||
| 082 | _a658 G473 O | ||
| 100 |
_aGibson, Jane Whitney. _97257 |
||
| 245 |
_aOrganizational communication : _cGibson, Jane Whitney. |
||
| 260 |
_a[S.l.] : _bHolt Rinehart & Winston, _c1986 |
||
| 300 | _a418 p. ; | ||
| 856 | _uhttp://www.amazon.com/exec/obidos/ASIN/0122824601/chopaconline-20 | ||
| 942 | _2ddc | ||
| 999 |
_c563147 _d563147 |
||